Statistics for Highest Grossing Movies of 2007

Click here to take the quiz!

General Stats

  • This quiz has been taken 46 times
  • The average score is 8 of 53

Answer Stats

RankGrossMovieCompany% Correct
3$890,900,000Spider-Man 3Sony – Marvel Studios
75%
4$799,000,000Shrek the ThirdParamount Pictures – DreamWorks
67%
5$709,700,000TransformersParamount Pictures
58%
1$963,400,000Pirates of the Caribbean: At World's EndWalt Disney Pictures
54%
2$939,900,000Harry Potter and the Order of the PhoenixWarner Bros. Pictures
50%
30$171,600,000No Country for Old MenParamount Vantage – Miramax
46%
6$620,700,000RatatouilleDisney – Pixar
46%
8$527,100,000The Simpsons Movie20th Century Fox
42%
7$585,300,000I Am LegendWarner Bros. Pictures
38%
36$152,500,000Sweeney Todd: The Demon Barber of Fleet StreetParamount – DreamWorks – Warner Bros.
33%
11$442,800,000The Bourne UltimatumUniversal Pictures
33%
10$456,100,000300Warner Bros. Pictures
21%
16$311,700,000Ocean's ThirteenWarner Bros. Pictures
21%
15$340,500,000EnchantedWalt Disney Pictures
17%
17$290,000,000Fantastic Four: Rise of the Silver Surfer20th Century Fox – Marvel Studios
17%
23$228,700,000Ghost RiderColumbia – Marvel Studios
17%
33$169,300,000Meet the RobinsonsWalt Disney Pictures
17%
9$457,400,000National Treasure: Book of SecretsWalt Disney Pictures
17%
20$258,000,000Rush Hour 3New Line Cinema
17%
18$287,600,000Bee MovieParamount Pictures – DreamWorks
13%
51$117,800,000DisturbiaParamount Pictures – DreamWorks
13%
29$173,400,000Evan AlmightyUniversal Pictures
13%
12$383,500,000Live Free or Die Hard20th Century Fox
13%
42$139,300,000Saw IVLionsgate
13%
32$169,900,000SuperbadColumbia Pictures
13%
14$361,000,000Alvin and the ChipmunksFox 2000 Pictures
8%
24$219,100,000Knocked UpUniversal Pictures
8%
34$159,300,000NorbitParamount Pictures – DreamWorks
8%
38$148,400,000Resident Evil: ExtinctionScreen Gems
8%
44$135,600,000StardustParamount Pictures
8%
37$149,000,000Surf's UpColumbia – Sony Pictures
8%
19$266,500,000American GangsterUniversal Pictures
4%
50$119,000,000Charlie Wilson's WarUniversal Pictures
4%
22$229,700,000Mr. Bean's HolidayUniversal Pictures
4%
40$145,900,000Music and LyricsWarner Bros. Pictures
4%
39$146,600,000The Game PlanWalt Disney Pictures
4%
49$127,800,000The Heartbreak KidParamuont Pictures – DreamWorks
4%
21$253,600,000Wild HogsTouchstone Pictures
4%
46$132,000,0001408Metro-Goldwyn-Mayer
0%
48$129,000,000Aliens vs. Predator: Requiem20th Century Fox
0%
47$129,300,000AtonementFocus Features
0%
26$196,400,000BeowulfParamount – Warner Bros.
0%
41$145,700,000Blades of GloryParamount Pictures – DreamWorks
0%
43$138,000,000Bridge to TerabithiaWalt Disney Pictures
0%
25$202,500,000HairsprayNew Line Cinema
0%
53$100,000,000Hitman20th Century Fox
0%
27$186,100,000I Now Pronounce You Chuck & LarryUniversal Pictures
0%
45$135,000,000Perfume: The Story of a MurdererDreamWorks Pictures
0%
35$156,800,000P.S. I Love YouWarner Bros. Pictures
0%
31$170,000,000The Brave OneWarner Bros. Pictures
0%
28$175,400,000The Bucket ListWarner Bros. Pictures
0%
13$372,000,000The Golden CompassNew Line Cinema
0%
52$103,100,000The Water Horse: Legend of the DeepColumbia Pictures
0%

Score Distribution

Percentile by Number Answered

Percent of People with Each Score

Your Score History

You have not taken this quiz